00391nam a22001337a 450000500170000000800410001704100250005808200130008310000240009624500510012026000360017130000250020765000250023220240215082242.0240215b |||||||| |||| 00| 0 eng d aAfrikaans / English  a349 TYD  lAfrikaans / English aTydskrif vir Hedendaagse Romeins-Hollandse Reg aDurban : bButterworth, c1984  b125 pages ; c25 cm. aLegal practice bLaw